000 00397nam a2200145Ia 4500
008 191201s2013 xx 000 0 und d
082 _a004.16
_bRAM
100 _aGAONKAR, Ramesh
245 0 _aMicroprocessor Architecture Programming and Applications with the 8085
250 _a5th
260 _aN.Delhi
_bPenram Internet pubg
_c2013
300 _a820
650 _aB.Tech(CSE)
942 _2ddc
_cBK
999 _c1379
_d1379